Animal Varieties (Random) - Statistics

General Stats
  • This quiz has been taken 107 times
  • The average score is 8 of 16
Answer Stats
Varieties Animal % Correct
Capuchin, Blue, Spider Monkey
91%
Sea, Painted, Snapping Turtle
90%
Western, Mountain, Silverback Gorilla
85%
Amazon river, Bottlenose, Striped Dolphin
84%
Diamondback, Milk, Ribbon Snake
74%
Spectacled, Sloth, Sun Bear
70%
Glass, Tree, Wood Frog
57%
Gentoo, Macaroni, Fiordland Penguin
44%
White, Black, Sumatran Rhinoceros
41%
Asiatic, African, Transvaal Lion
37%
Gray/Grey, Red, Ethiopian Wolf
37%
Javan, Amur, African Leopard
35%
Spotted, Striped, Brown Hyena
22%
American, Hog, Burmese ferret Badger
11%
Horseshoe, European, Pygmy Rabbit
10%
Greater prairie, Sri Lankan, Green Chicken
9%
No matching quizzes found
Score Distribution
Percent of People with Each Score
Percentile by Number Answered
Your Score History
You have not taken this quiz